000 00987cam a22003254a 4500
001 14485648
003 US-DLC
005 20180109091129.0
008 060807s2008 pauaf bf 001 0 eng
010 _a 2006025975
016 7 _a101284332
_2DNLM
020 _a0781763118 (pbk. : alk. paper)
020 _a9780781763110 (pbk. : alk. paper)
020 _z9780781763110 (pbk.)
035 _a(OCoLC)ocm70867068
040 _aDNLM/DLC
_cDLC
_dNLM
_dBAKER
_dC#P
_dYDXCP
_dYDX
_dDLC
041 _aeng
042 _apcc
060 0 0 _a2007 A-547
060 1 0 _a616.07
_bC832h 2008
080 _a616.07
082 0 0 _a616.07 COR
_222
100 1 _a9
101 _aPAT
245 1 0 _aHandbook of pathophysiology /
_cElizabeth J. Corwin.
504 _aIncludes bibliographical references and index.
906 _a7
_bcbc
_corignew
_d1
_eecip
_f20
_gy-gencatlg
942 _2ddc
_cBK
999 _c39969
_d39969